[Event "Asuncion 04"]
[Site "Asuncion"]
[Date "2011.04.19"]
[Round "4"]
[White "Delgado Ramirez, Neuris"]
[Black "Jimenez, Joaquin Rodrigo"]
[Result "1/2-1/2"]
[WhiteElo "2594"]
[BlackElo "2234"]
[PlyCount "115"]
[EventDate "2011.04.16"]
[EventType "tourn"]
[EventRounds "10"]
[EventCountry "PAR"]
[EventCategory "2"]
[SourceTitle "CBM 142 Extra"]
[Source "ChessBase"]
[SourceDate "2011.06.27"]
[SourceVersion "1"]
[SourceVersionDate "2011.06.27"]
[SourceQuality "1"]

1. e4 e5 2. Nc3 Nf6 3. g3 d5 4. exd5 Nxd5 5. Bg2 Nxc3 6. bxc3 Bc5 7. Ne2 Nc6 8.
O-O O-O 9. d3 Be6 10. Rb1 Bb6 11. c4 Rb8 12. Ba3 Re8 13. Nc3 Nd4 14. Nd5 c6 15.
Nxb6 axb6 16. c3 Nf5 17. Re1 f6 18. Bc1 Ra8 19. Qc2 Nd6 20. Rb2 b5 21. cxb5
Nxb5 22. a4 Nd6 23. Be3 Qd7 24. Bc5 Nf7 25. Reb1 Nd8 26. Rb4 Bd5 27. Bf1 Qf5
28. c4 Bf3 29. Be3 h5 30. c5 Re7 31. Be2 Bd5 32. Rh4 g6 33. g4 Qe6 34. gxh5
gxh5 35. Rxh5 Rg7+ 36. Kf1 f5 37. Rg5 f4 38. Rxg7+ Kxg7 39. Bc1 f3 40. Bd1 Qh3+
41. Ke1 Qxh2 42. Be3 Kf6 43. Kd2 Ne6 44. Rxb7 Nd4 45. Bxd4 exd4 46. Kc1 Ra5 47.
Kb2 Qh6 48. Ka3 Kf5 49. Kb4 Ra8 50. a5 Kg4 51. Qb2 Kh3 52. Bb3 Bxb3 53. Kxb3
Qe6+ 54. Ka4 Qe1 55. Rb4 Qd1+ 56. Rb3 Qe1 57. Rb4 Qd1+ 58. Rb3 1/2-1/2

[Event "Asuncion 04"]
[Site "Asuncion"]
[Date "2011.04.21"]
[Round "6"]
[White "Vazquez, Guillermo"]
[Black "Delgado Ramirez, Neuris"]
[Result "0-1"]
[WhiteElo "2180"]
[BlackElo "2594"]
[PlyCount "28"]
[EventDate "2011.04.16"]
[EventType "tourn"]
[EventRounds "10"]
[EventCountry "PAR"]
[EventCategory "2"]
[SourceTitle "CBM 142 Extra"]
[Source "ChessBase"]
[SourceDate "2011.06.27"]
[SourceVersion "1"]
[SourceVersionDate "2011.06.27"]
[SourceQuality "1"]

1. d4 Nf6 2. Nf3 e6 3. Bf4 d5 4. e3 Bd6 5. Ne5 O-O 6. Nd2 b6 7. Bd3 Ba6 8. O-O
c5 9. c4 cxd4 10. exd4 Bb7 11. Qf3 Nc6 12. Nxc6 Bxc6 13. Bg5 dxc4 14. Bxh7+
Nxh7 0-1

[Event "Asuncion 04"]
[Site "Asuncion"]
[Date "2011.04.21"]
[Round "7"]
[White "Kropff, Ricardo"]
[Black "Delgado Ramirez, Neuris"]
[Result "0-1"]
[WhiteElo "2298"]
[BlackElo "2594"]
[PlyCount "76"]
[EventDate "2011.04.16"]
[EventType "tourn"]
[EventRounds "10"]
[EventCountry "PAR"]
[EventCategory "2"]
[SourceTitle "CBM 142 Extra"]
[Source "ChessBase"]
[SourceDate "2011.06.27"]
[SourceVersion "1"]
[SourceVersionDate "2011.06.27"]
[SourceQuality "1"]

1. d4 Nf6 2. Nf3 e6 3. e3 c5 4. Bd3 b6 5. O-O Bb7 6. c4 Be7 7. b3 O-O 8. Bb2
cxd4 9. exd4 d5 10. Nbd2 Nc6 11. Rc1 Re8 12. Qe2 Rc8 13. Rfd1 Bf8 14. a3 g6 15.
c5 a5 16. Bb5 Nd7 17. b4 axb4 18. Bxc6 Bxc6 19. axb4 Rb8 20. Bc3 bxc5 21. dxc5
e5 22. Nb3 d4 23. Bd2 Ba4 24. Na5 Bxd1 25. Qxd1 Rc8 26. Qb3 e4 27. Ng5 Qe7 28.
Qd5 e3 29. fxe3 dxe3 30. Bc3 e2 31. Nc4 Bg7 32. Be1 Nxc5 33. bxc5 Rxc5 34.
Qxf7+ Qxf7 35. Nxf7 Bd4+ 36. Kh1 Kxf7 37. Nd6+ Ke6 38. Rxc5 Rf8 0-1

[Event "Asuncion 04"]
[Site "Asuncion"]
[Date "2011.04.22"]
[Round "8"]
[White "Delgado Ramirez, Neuris"]
[Black "Lopez, Mario Iver"]
[Result "1-0"]
[WhiteElo "2594"]
[BlackElo "2251"]
[PlyCount "101"]
[EventDate "2011.04.16"]
[EventType "tourn"]
[EventRounds "10"]
[EventCountry "PAR"]
[EventCategory "2"]
[SourceTitle "CBM 142 Extra"]
[Source "ChessBase"]
[SourceDate "2011.06.27"]
[SourceVersion "1"]
[SourceVersionDate "2011.06.27"]
[SourceQuality "1"]

1. e4 d5 2. exd5 Qxd5 3. Nf3 Nf6 4. d4 Bg4 5. Be2 e6 6. h3 Bh5 7. c4 Qd8 8. O-O
Be7 9. Qb3 Qc8 10. Nc3 O-O 11. Bf4 c6 12. Rac1 Nbd7 13. Rfd1 Re8 14. a3 Bf8 15.
Ne5 Bxe2 16. Nxe2 c5 17. Qe3 a6 18. dxc5 Bxc5 19. Qf3 Nxe5 20. Bxe5 Be7 21. c5
Rd8 22. Rxd8+ Bxd8 23. b4 Nd7 24. Bc3 Qc7 25. Rd1 Be7 26. Nf4 Nf6 27. g4 h6 28.
Kg2 Rd8 29. Rxd8+ Bxd8 30. Nd3 Nd5 31. Be5 Qd7 32. Bg3 Bc7 33. h4 f6 34. Bxc7
Qxc7 35. Qe4 Qc6 36. f3 e5 37. a4 Kf8 38. b5 axb5 39. axb5 Qd7 40. b6 Ne7 41.
Nf2 Nc6 42. Qa4 Ke7 43. Qa8 Nd8 44. Ne4 h5 45. gxh5 Ne6 46. Nf2 Nf4+ 47. Kg1
Qd5 48. Qa3 Kf7 49. Qe3 Nxh5 50. Qe4 Qd7 51. Qg4 1-0

[Event "Asuncion 04"]
[Site "Asuncion"]
[Date "2011.04.22"]
[Round "9"]
[White "Jimenez, Joaquin Rodrigo"]
[Black "Delgado Ramirez, Neuris"]
[Result "0-1"]
[WhiteElo "2234"]
[BlackElo "2594"]
[PlyCount "60"]
[EventDate "2011.04.16"]
[EventType "tourn"]
[EventRounds "10"]
[EventCountry "PAR"]
[EventCategory "2"]
[SourceTitle "CBM 142 Extra"]
[Source "ChessBase"]
[SourceDate "2011.06.27"]
[SourceVersion "1"]
[SourceVersionDate "2011.06.27"]
[SourceQuality "1"]

1. e4 c5 2. Nf3 d6 3. d4 cxd4 4. Nxd4 Nf6 5. Nc3 Nc6 6. Bc4 Na5 7. Be2 g6 8. f4
Nd7 9. Nb3 Bg7 10. Be3 O-O 11. Qd2 b6 12. Nxa5 bxa5 13. Bd4 Bxd4 14. Qxd4 Rb8
15. Bc4 Nb6 16. Bb3 Nd7 17. Bc4 Nc5 18. h4 Rxb2 19. h5 Ne6 20. Bxe6 Bxe6 21.
hxg6 fxg6 22. f5 gxf5 23. Rh5 Bf7 24. Rg5+ Bg6 25. O-O-O Rb4 26. Qd5+ Kh8 27.
exf5 e6 28. fxe6 Qf6 29. Rxg6 Qxc3 30. e7 Qe3+ 0-1

[Event "Asuncion 04"]
[Site "Asuncion"]
[Date "2011.04.23"]
[Round "10"]
[White "Delgado Ramirez, Neuris"]
[Black "Zacarias, M Ruben D"]
[Result "1-0"]
[WhiteElo "2594"]
[BlackElo "2192"]
[PlyCount "73"]
[EventDate "2011.04.16"]
[EventType "tourn"]
[EventRounds "10"]
[EventCountry "PAR"]
[EventCategory "2"]
[SourceTitle "CBM 142 Extra"]
[Source "ChessBase"]
[SourceDate "2011.06.27"]
[SourceVersion "1"]
[SourceVersionDate "2011.06.27"]
[SourceQuality "1"]

1. e4 e6 2. d4 d5 3. Nd2 Be7 4. Ngf3 Nf6 5. e5 Nfd7 6. Bd3 c5 7. c3 Nc6 8. O-O
g5 9. dxc5 g4 10. Nd4 Ndxe5 11. N2b3 Nxd3 12. Qxd3 e5 13. Nxc6 bxc6 14. Bh6 f6
15. Bg7 Rg8 16. Qxh7 Be6 17. f4 e4 18. Nd4 Qd7 19. Qg6+ Bf7 20. Qh6 O-O-O 21.
b4 Kb8 22. f5 Ka8 23. Bxf6 Bf8 24. Qh4 Rc8 25. Rf4 Qb7 26. Rxg4 Rxg4 27. Qxg4
Qa6 28. Qe2 Qa3 29. Ne6 Bh6 30. g4 Bc1 31. Qc2 Be3+ 32. Kg2 Rg8 33. h3 Kb7 34.
Qb3 Qa6 35. b5 Qxb5 36. Qxb5+ cxb5 37. Nd8+ 1-0

[Event "Asuncion Paniagua Memorial"]
[Site "Asuncion"]
[Date "2011.07.08"]
[Round "1"]
[White "Delgado Ramirez, Neuris"]
[Black "Vazquez, Guillermo"]
[Result "1/2-1/2"]
[WhiteElo "2571"]
[BlackElo "2248"]
[PlyCount "108"]
[EventDate "2011.07.08"]
[EventType "tourn"]
[EventRounds "10"]
[EventCountry "PAR"]
[EventCategory "3"]
[SourceTitle "EXT 2012"]
[Source "ChessBase"]
[SourceDate "2011.11.24"]
[SourceVersion "1"]
[SourceVersionDate "2011.11.24"]
[SourceQuality "1"]

1. g3 g6 2. Bg2 Bg7 3. e4 c5 4. c3 Nc6 5. Ne2 e5 6. O-O Nge7 7. a3 O-O 8. b4 d6
9. d3 Be6 10. Nd2 Qd7 11. Bb2 b6 12. Nf3 h6 13. d4 exd4 14. cxd4 d5 15. exd5
Nxd5 16. bxc5 bxc5 17. Rc1 Rab8 18. Ba1 cxd4 19. Nexd4 Nxd4 20. Bxd4 Rfc8 21.
Bxg7 Rxc1 22. Qxc1 Kxg7 23. Rd1 Qc7 24. Nd4 Qxc1 25. Rxc1 Kf6 26. Nxe6 fxe6 27.
Rc6 Rb1+ 28. Bf1 Rb6 29. Rc5 Rb7 30. Ra5 Rc7 31. Ra6 Ne7 32. Bb5 g5 33. Kg2 Nf5
34. Bc6 Nd4 35. Ba8 g4 36. Ra4 Rd7 37. Be4 Ke5 38. Bd3 Rb7 39. Ra5+ Kd6 40. Be4
Rb2 41. Rxa7 Ke5 42. Bg6 Kf6 43. Bh5 Kg5 44. Rg7+ Kxh5 45. h3 gxh3+ 46. Kxh3
Rb3 47. a4 Nf5 48. Rg8 Ne7 49. Rg7 Ng6 50. Rf7 Rd3 51. f4 Nh4 52. Rg7 Nf5 53.
Rg8 Ne7 54. Rg7 Nf5 1/2-1/2

[Event "Asuncion Paniagua Memorial"]
[Site "Asuncion"]
[Date "2011.07.09"]
[Round "2"]
[White "Delgado Ramirez, Neuris"]
[Black "Jimenez, Joaquin Rodrigo"]
[Result "1-0"]
[WhiteElo "2571"]
[BlackElo "2234"]
[PlyCount "65"]
[EventDate "2011.07.08"]
[EventType "tourn"]
[EventRounds "10"]
[EventCountry "PAR"]
[EventCategory "3"]
[SourceTitle "EXT 2012"]
[Source "ChessBase"]
[SourceDate "2011.11.24"]
[SourceVersion "1"]
[SourceVersionDate "2011.11.24"]
[SourceQuality "1"]

1. e4 e5 2. Nf3 Nc6 3. Bb5 a6 4. Bxc6 dxc6 5. O-O Bg4 6. h3 Bh5 7. d3 Bd6 8.
Be3 Nf6 9. Nbd2 O-O 10. g4 Nxg4 11. hxg4 Bxg4 12. Kh1 f5 13. Rg1 Qe8 14. Rg2
Qh5+ 15. Rh2 Qg6 16. Qg1 f4 17. Nh4 Qe6 18. Ba7 b6 19. Rg2 h5 20. f3 Qf6 21.
Rh2 g5 22. fxg4 gxh4 23. Nf3 Rxa7 24. gxh5+ Kf7 25. Qg4 Rg8 26. Qd7+ Be7 27.
Rf1 Rd8 28. Qxc6 Bc5 29. Rg2 Rd6 30. Qa4 Ke7 31. Rg5 Re6 32. Qc4 c6 33. Rg6 1-0

[Event "Asuncion Paniagua Memorial"]
[Site "Asuncion"]
[Date "2011.07.10"]
[Round "3"]
[White "Kropff, Ricardo"]
[Black "Delgado Ramirez, Neuris"]
[Result "1/2-1/2"]
[WhiteElo "2256"]
[BlackElo "2571"]
[PlyCount "157"]
[EventDate "2011.07.08"]
[EventType "tourn"]
[EventRounds "10"]
[EventCountry "PAR"]
[EventCategory "3"]
[SourceTitle "EXT 2012"]
[Source "ChessBase"]
[SourceDate "2011.11.24"]
[SourceVersion "1"]
[SourceVersionDate "2011.11.24"]
[SourceQuality "1"]

1. d4 Nf6 2. c4 e6 3. Nc3 Bb4 4. e3 Bxc3+ 5. bxc3 b6 6. Bd3 Nc6 7. e4 e5 8. f4
d6 9. d5 Ne7 10. f5 Nd7 11. Nf3 Nc5 12. Bc2 Ba6 13. O-O Bxc4 14. Rf2 f6 15. Be3
O-O 16. g4 c6 17. dxc6 Qc7 18. g5 Qxc6 19. Nd2 Bd3 20. Rg2 Bxc2 21. Qxc2 d5 22.
g6 hxg6 23. fxg6 f5 24. Qd1 Nxg6 25. Qh5 Nf4 26. Bxf4 exf4 27. Nf3 Nxe4 28. Kh1
Rf6 29. Rag1 Ng3+ 30. Rxg3 fxg3 31. Rxg3 Raf8 32. Ne5 Rh6 33. Rxg7+ Kxg7 34.
Qg5+ Qg6 35. Nxg6 Rxg6 36. Qe7+ Kg8 37. Qd7 f4 38. Qxd5+ Rf7 39. Qf3 Re7 40. h4
Re3 41. Qd5+ Kg7 42. Kh2 Re2+ 43. Kh1 Ree6 44. Kh2 Rgf6 45. Qd7+ Kh6 46. Qd8
Kh5 47. Qh8+ Kg4 48. Qg7+ Kf3 49. h5 Ke3 50. Qg1+ Kd3 51. Qd1+ Kxc3 52. Qc1+
Kd4 53. Qd1+ Ke5 54. Qf3 Kf5 55. Kg2 Re3 56. Qd5+ Kg4 57. Qg8+ Kxh5 58. Qh7+
Kg5 59. Qg8+ Kf5 60. Qd5+ Re5 61. Qd7+ Kg6 62. Kf3 Re3+ 63. Kf2 a5 64. Qg4+ Kf7
65. Qd7+ Re7 66. Qd5+ Rfe6 67. Kf3 Kg6 68. Kxf4 Kg7 69. Qg5+ Kf8 70. Qd5 Rf6+
71. Kg5 Ref7 72. Qd8+ Kg7 73. Qd4 b5 74. a3 Kh7 75. Qe4+ Kg7 76. Qe5 b4 77.
axb4 axb4 78. Qb2 Kh7 79. Qxb4 1/2-1/2

[Event "Asuncion Paniagua Memorial"]
[Site "Asuncion"]
[Date "2011.07.10"]
[Round "4"]
[White "Delgado Ramirez, Neuris"]
[Black "Latorre Lopez Moreira, Luis Matias"]
[Result "1-0"]
[WhiteElo "2571"]
[BlackElo "2258"]
[PlyCount "63"]
[EventDate "2011.07.08"]
[EventType "tourn"]
[EventRounds "10"]
[EventCountry "PAR"]
[EventCategory "3"]
[SourceTitle "EXT 2012"]
[Source "ChessBase"]
[SourceDate "2011.11.24"]
[SourceVersion "1"]
[SourceVersionDate "2011.11.24"]
[SourceQuality "1"]

1. e4 e5 2. Nf3 Nc6 3. Bb5 f5 4. d3 fxe4 5. dxe4 Nf6 6. O-O Bc5 7. Bxc6 bxc6 8.
Nxe5 O-O 9. Bg5 Qe8 10. Bxf6 Rxf6 11. Nd3 Bd4 12. c3 Bb6 13. Nd2 d5 14. c4 dxe4
15. Re1 e3 16. Re2 Rd6 17. Qb3 Qd8 18. Nf4 exd2 19. c5+ Be6 20. Rxe6 Rxe6 21.
Nxe6 Qd5 22. Qxd5 cxd5 23. cxb6 axb6 24. Kf1 Kf7 25. Nf4 Rxa2 26. Rd1 Rxb2 27.
Nxd5 Ke6 28. Nxc7+ Ke5 29. Ke2 Rc2 30. Nb5 Rb2 31. Nc3 Kd4 32. Na4 1-0

[Event "Asuncion Paniagua Memorial"]
[Site "Asuncion"]
[Date "2011.07.11"]
[Round "5"]
[White "Valiente, Cristobal"]
[Black "Delgado Ramirez, Neuris"]
[Result "1/2-1/2"]
[WhiteElo "2262"]
[BlackElo "2571"]
[PlyCount "64"]
[EventDate "2011.07.08"]
[EventType "tourn"]
[EventRounds "10"]
[EventCountry "PAR"]
[EventCategory "3"]
[SourceTitle "EXT 2012"]
[Source "ChessBase"]
[SourceDate "2011.11.24"]
[SourceVersion "1"]
[SourceVersionDate "2011.11.24"]
[SourceQuality "1"]

1. d4 Nf6 2. Nf3 e6 3. e3 b6 4. Bd3 c5 5. O-O Bb7 6. c4 Be7 7. Nc3 O-O 8. d5
exd5 9. cxd5 d6 10. e4 Na6 11. Bf4 Nc7 12. Re1 a6 13. a4 Rb8 14. Rb1 b5 15.
axb5 Nxb5 16. Qa4 Nc7 17. Qa5 Nd7 18. Bf1 Na8 19. Qxd8 Rfxd8 20. Ra1 Nc7 21.
Nd2 Nb6 22. Ra5 Rd7 23. g3 g5 24. Be3 Bf6 25. Rc1 Re7 26. Na4 Nxa4 27. Rxa4 Nb5
28. Ra2 h6 29. Bd3 Rbe8 30. Rca1 Kg7 31. Rb1 g4 32. Ra5 Bg5 1/2-1/2

[Event "Asuncion Paniagua Memorial"]
[Site "Asuncion"]
[Date "2011.07.12"]
[Round "6"]
[White "Vazquez, Guillermo"]
[Black "Delgado Ramirez, Neuris"]
[Result "0-1"]
[WhiteElo "2248"]
[BlackElo "2571"]
[PlyCount "56"]
[EventDate "2011.07.08"]
[EventType "tourn"]
[EventRounds "10"]
[EventCountry "PAR"]
[EventCategory "3"]
[SourceTitle "EXT 2012"]
[Source "ChessBase"]
[SourceDate "2011.11.24"]
[SourceVersion "1"]
[SourceVersionDate "2011.11.24"]
[SourceQuality "1"]

1. d4 Nf6 2. Nf3 b6 3. Bg5 e6 4. Nbd2 Bb7 5. e3 h6 6. Bh4 d6 7. Bd3 Nbd7 8. O-O
g5 9. Bg3 Nh5 10. e4 Bg7 11. c3 Qe7 12. Qe2 Nxg3 13. fxg3 O-O 14. g4 c5 15.
Rac1 Rac8 16. e5 cxd4 17. cxd4 dxe5 18. dxe5 Rc5 19. Ne4 Rxc1 20. Rxc1 Nxe5 21.
Nxe5 Bxe5 22. Kh1 Qb4 23. b3 Rd8 24. Bb1 Qd4 25. Rf1 Rd7 26. Qf3 Bf4 27. Qe2
Rc7 28. Ng3 Qe3 0-1

[Event "Asuncion Paniagua Memorial"]
[Site "Asuncion"]
[Date "2011.07.13"]
[Round "7"]
[White "Jimenez, Joaquin Rodrigo"]
[Black "Delgado Ramirez, Neuris"]
[Result "0-1"]
[WhiteElo "2234"]
[BlackElo "2571"]
[PlyCount "78"]
[EventDate "2011.07.08"]
[EventType "tourn"]
[EventRounds "10"]
[EventCountry "PAR"]
[EventCategory "3"]
[SourceTitle "EXT 2012"]
[Source "ChessBase"]
[SourceDate "2011.11.24"]
[SourceVersion "1"]
[SourceVersionDate "2011.11.24"]
[SourceQuality "1"]

1. e4 c5 2. Nf3 d6 3. d4 cxd4 4. Nxd4 Nf6 5. Nc3 Nc6 6. Bc4 e6 7. Be3 Bd7 8.
Qe2 a6 9. Bb3 Rc8 10. O-O-O Na5 11. f3 b5 12. Kb1 g6 13. Qf2 Nc4 14. g4 b4 15.
Nce2 Nxe3 16. Qxe3 a5 17. g5 Nh5 18. c3 a4 19. Bc2 bxc3 20. Nxc3 Qa5 21. Qd2
Rc5 22. h4 Be7 23. a3 O-O 24. Na2 Qb6 25. Nb4 Rc4 26. b3 axb3 27. Bxb3 Rc5 28.
Ndc2 Rfc8 29. Rhe1 Bb5 30. Ne3 Rc3 31. Kb2 Bf8 32. Ng4 Rxf3 33. Rc1 Ra8 34. e5
dxe5 35. Rc3 Rf1 36. Bd1 Bxb4 37. axb4 Qa7 38. Nh6+ Kg7 39. Qd6 Qa1+ 0-1

[Event "Asuncion Paniagua Memorial"]
[Site "Asuncion"]
[Date "2011.07.14"]
[Round "8"]
[White "Delgado Ramirez, Neuris"]
[Black "Kropff, Ricardo"]
[Result "1-0"]
[WhiteElo "2571"]
[BlackElo "2256"]
[PlyCount "109"]
[EventDate "2011.07.08"]
[EventType "tourn"]
[EventRounds "10"]
[EventCountry "PAR"]
[EventCategory "3"]
[SourceTitle "EXT 2012"]
[Source "ChessBase"]
[SourceDate "2011.11.24"]
[SourceVersion "1"]
[SourceVersionDate "2011.11.24"]
[SourceQuality "1"]

1. e4 c5 2. Nf3 d6 3. Bb5+ Bd7 4. Bxd7+ Qxd7 5. O-O Nf6 6. Re1 Nc6 7. c3 e6 8.
d4 cxd4 9. cxd4 d5 10. e5 Ne4 11. Nbd2 Nxd2 12. Bxd2 Be7 13. Rc1 O-O 14. Rc3 f6
15. exf6 Bxf6 16. Bf4 Bxd4 17. Nxd4 Rxf4 18. Nxe6 Rf6 19. Rce3 Qd6 20. Qb3 Re8
21. Ng5 Rxe3 22. Rxe3 Qd7 23. Ne4 Rf8 24. Nc3 Rd8 25. Rd3 Ne7 26. h3 h6 27. Rd4
Kh8 28. Qd1 Qe6 29. Qd2 Kg8 30. a3 a6 31. Ne2 Rd7 32. Nf4 Qe5 33. g3 Kf7 34. h4
Kg8 35. Qd1 Rd6 36. h5 Kf7 37. Rd2 Qe4 38. Re2 Qf5 39. Qb3 Qd7 40. Re5 Kf8 41.
Qd3 Kg8 42. Re3 Rf6 43. Qc2 Rd6 44. Qe2 Kf7 45. b4 Rf6 46. Re5 Rd6 47. Qd3 Kg8
48. a4 d4 49. b5 a5 50. Qc4+ Kh7 51. Ne6 Kh8 52. Nf8 Qd8 53. Qf7 Rf6 54. Ng6+
Nxg6 55. hxg6 1-0

[Event "Asuncion Paniagua Memorial"]
[Site "Asuncion"]
[Date "2011.07.15"]
[Round "9"]
[White "Latorre Lopez Moreira, Luis Matias"]
[Black "Delgado Ramirez, Neuris"]
[Result "0-1"]
[WhiteElo "2258"]
[BlackElo "2571"]
[PlyCount "56"]
[EventDate "2011.07.08"]
[EventType "tourn"]
[EventRounds "10"]
[EventCountry "PAR"]
[EventCategory "3"]
[SourceTitle "EXT 2012"]
[Source "ChessBase"]
[SourceDate "2011.11.24"]
[SourceVersion "1"]
[SourceVersionDate "2011.11.24"]
[SourceQuality "1"]

1. d4 Nf6 2. c4 e6 3. g3 c5 4. d5 exd5 5. cxd5 d6 6. Nc3 g6 7. Bg2 Bg7 8. Nf3
O-O 9. O-O Re8 10. Nd2 a6 11. a4 Nbd7 12. h3 Rb8 13. Nc4 Nb6 14. Na3 Bd7 15. e4
Nc8 16. Qd3 Nb6 17. f4 Nxa4 18. e5 Nxc3 19. Qxc3 dxe5 20. fxe5 Nh5 21. Nc4 b5
22. Nd6 Bxe5 23. Qxc5 Qe7 24. Rxa6 Nxg3 25. Qf2 Bd4 26. Nxe8 Rxe8 27. Kh2 Bxf2
28. Rxf2 Ne2 0-1

[Event "Asuncion Paniagua Memorial"]
[Site "Asuncion"]
[Date "2011.07.16"]
[Round "10"]
[White "Delgado Ramirez, Neuris"]
[Black "Valiente, Cristobal"]
[Result "1-0"]
[WhiteElo "2571"]
[BlackElo "2262"]
[PlyCount "61"]
[EventDate "2011.07.08"]
[EventType "tourn"]
[EventRounds "10"]
[EventCountry "PAR"]
[EventCategory "3"]
[SourceTitle "EXT 2012"]
[Source "ChessBase"]
[SourceDate "2011.11.24"]
[SourceVersion "1"]
[SourceVersionDate "2011.11.24"]
[SourceQuality "1"]

1. e4 c5 2. Nf3 e6 3. Nc3 Nc6 4. d4 cxd4 5. Nxd4 Qc7 6. f4 a6 7. Nf3 d6 8. Bd3
Nf6 9. Qe2 Be7 10. Bd2 b5 11. O-O Bb7 12. Rae1 O-O 13. e5 dxe5 14. fxe5 Nd7 15.
Qe4 g6 16. Qe2 Bc5+ 17. Kh1 Nd4 18. Nxd4 Bxd4 19. Bf4 Nc5 20. Bh6 Rfd8 21. Bg5
b4 22. Ne4 Nxe4 23. Bxe4 Bxe4 24. Qxe4 Rd5 25. Bf6 h5 26. Rf3 Rc8 27. Qf4 Kh7
28. Rh3 Be3 29. Rhxe3 Qxc2 30. Be7 Kg8 31. Qh6 1-0

[Event "Latin Cup"]
[Site "Montevideo"]
[Date "2011.11.01"]
[Round "1"]
[White "Delgado Ramirez, Neuris"]
[Black "Lanzilotta Mernies, Marcelo"]
[Result "1-0"]
[WhiteElo "2570"]
[BlackElo "2011"]
[PlyCount "83"]
[EventDate "2011.11.01"]
[EventType "swiss"]
[EventRounds "9"]
[EventCountry "URU"]
[SourceTitle "EXT 2012"]
[Source "ChessBase"]
[SourceDate "2011.11.24"]
[SourceVersion "1"]
[SourceVersionDate "2011.11.24"]
[SourceQuality "1"]

1. e4 c5 2. Nf3 d6 3. d4 cxd4 4. Nxd4 Nf6 5. Nc3 g6 6. f4 Bg7 7. e5 Nh5 8. Bb5+
Bd7 9. e6 Bxb5 10. exf7+ Kxf7 11. Ndxb5 Nc6 12. Be3 Nf6 13. Qe2 Rf8 14. O-O-O
Kg8 15. g4 a6 16. Nd4 Nxd4 17. Bxd4 Rc8 18. Rhe1 Rf7 19. Kb1 Qf8 20. Qe6 Rc6
21. Bxf6 Bxf6 22. Nd5 Bh4 23. Re3 Qc8 24. g5 Qxe6 25. Rxe6 Kf8 26. c3 Bf2 27.
Rd2 Bb6 28. h4 Bd8 29. h5 gxh5 30. Rh6 e5 31. Rxh5 exf4 32. g6 hxg6 33. Rh8+
Kg7 34. Rxd8 f3 35. Rf2 g5 36. Ne3 Rf4 37. Rd7+ Kg6 38. Nd5 Rf8 39. Ne3 Rf4 40.
Rxb7 g4 41. Rb8 Kg7 42. Rb4 1-0

[Event "Latin Cup"]
[Site "Montevideo"]
[Date "2011.11.02"]
[Round "2"]
[White "Lopez Azambuja, Nicolas"]
[Black "Delgado Ramirez, Neuris"]
[Result "0-1"]
[WhiteElo "2166"]
[BlackElo "2570"]
[PlyCount "60"]
[EventDate "2011.11.01"]
[EventType "swiss"]
[EventRounds "9"]
[EventCountry "URU"]
[SourceTitle "EXT 2012"]
[Source "ChessBase"]
[SourceDate "2011.11.24"]
[SourceVersion "1"]
[SourceVersionDate "2011.11.24"]
[SourceQuality "1"]

1. d4 Nf6 2. c4 e5 3. dxe5 Ng4 4. e3 Nxe5 5. Nh3 d5 6. cxd5 Bxh3 7. gxh3 Nbd7
8. Nc3 Bd6 9. Bg2 Ng6 10. O-O O-O 11. Qe2 Nh4 12. Ne4 f5 13. Nxd6 cxd6 14. Bd2
Rf6 15. f4 Rg6 16. Rf2 Nc5 17. Kf1 Qe8 18. Qc4 Nxg2 19. Rxg2 Ne4 20. Qe2 Rxg2
21. Kxg2 Qg6+ 22. Kh1 Qf7 23. Bc3 Qxd5 24. Qg2 g6 25. Bd4 Rc8 26. Kg1 Rc4 27.
Rd1 Qc6 28. Qf1 Rc2 29. Qd3 Nf2 30. Qb3+ Kf8 0-1

[Event "Latin Cup"]
[Site "Montevideo"]
[Date "2011.11.03"]
[Round "3"]
[White "Delgado Ramirez, Neuris"]
[Black "Hernandez, Alexander"]
[Result "1-0"]
[WhiteElo "2570"]
[BlackElo "2258"]
[PlyCount "79"]
[EventDate "2011.11.01"]
[EventType "swiss"]
[EventRounds "9"]
[EventCountry "URU"]
[SourceTitle "EXT 2012"]
[Source "ChessBase"]
[SourceDate "2011.11.24"]
[SourceVersion "1"]
[SourceVersionDate "2011.11.24"]
[SourceQuality "1"]

1. e4 e5 2. Nf3 Nc6 3. Bb5 a6 4. Bxc6 dxc6 5. O-O f6 6. d4 exd4 7. Nxd4 c5 8.
Ne2 Qxd1 9. Rxd1 Bd7 10. Nbc3 O-O-O 11. Be3 Re8 12. Rd2 Bc6 13. Rad1 b6 14. f3
Ne7 15. Nf4 Ng6 16. Nh5 Ne5 17. b3 c4 18. Nd5 cxb3 19. cxb3 Kb7 20. Rc2 Rg8 21.
Nhf4 Ba3 22. Bd4 Ng6 23. Be3 Nxf4 24. Bxf4 Bc5+ 25. Be3 Bxd5 26. Bxc5 Be6 27.
Be3 Rd8 28. Rdc1 c5 29. g4 g6 30. Kf2 f5 31. exf5 gxf5 32. g5 Rd3 33. Re1 Bf7
34. Bxc5 Re8 35. Rxe8 Bxe8 36. Be3 Bc6 37. Rc4 b5 38. Rh4 Rd7 39. Rh6 Rf7 40.
h4 1-0

[Event "Latin Cup"]
[Site "Montevideo"]
[Date "2011.11.03"]
[Round "4"]
[White "Oddone, Cristhian"]
[Black "Delgado Ramirez, Neuris"]
[Result "0-1"]
[WhiteElo "2197"]
[BlackElo "2570"]
[PlyCount "88"]
[EventDate "2011.11.01"]
[EventType "swiss"]
[EventRounds "9"]
[EventCountry "URU"]
[SourceTitle "EXT 2012"]
[Source "ChessBase"]
[SourceDate "2011.11.24"]
[SourceVersion "1"]
[SourceVersionDate "2011.11.24"]
[SourceQuality "1"]

1. e4 c5 2. Nf3 d6 3. d3 Nc6 4. g3 g6 5. Bg2 Bg7 6. O-O Nf6 7. Nbd2 O-O 8. a4
Bg4 9. h3 Bxf3 10. Qxf3 a6 11. c3 Nd7 12. Qe2 Qc7 13. f4 Rae8 14. Nc4 b5 15.
axb5 axb5 16. Ne3 b4 17. h4 Na5 18. Bd2 e6 19. Nc4 Nb3 20. Rab1 d5 21. Ne3 d4
22. cxd4 Nxd2 23. Qxd2 Bxd4 24. Kh1 Nf6 25. Nc4 Rd8 26. e5 Nd5 27. Qe2 Qe7 28.
Rbe1 Rd7 29. Qg4 b3 30. h5 f5 31. exf6 Nxf6 32. Qxe6+ Qxe6 33. Rxe6 gxh5 34.
Bh3 Rg7 35. Kh2 Kh8 36. Na5 h4 37. gxh4 Ng4+ 38. Bxg4 Rxg4 39. Nxb3 Rfg8 40.
Kh3 Bg1 41. Rxg1 Rxg1 42. Kh2 c4 43. dxc4 R1g2+ 44. Kh1 R2g3 0-1

[Event "Latin Cup"]
[Site "Montevideo"]
[Date "2011.11.04"]
[Round "5"]
[White "Flores, Diego"]
[Black "Delgado Ramirez, Neuris"]
[Result "1/2-1/2"]
[WhiteElo "2602"]
[BlackElo "2570"]
[PlyCount "40"]
[EventDate "2011.11.01"]
[EventType "swiss"]
[EventRounds "9"]
[EventCountry "URU"]
[SourceTitle "EXT 2012"]
[Source "ChessBase"]
[SourceDate "2011.11.24"]
[SourceVersion "1"]
[SourceVersionDate "2011.11.24"]
[SourceQuality "1"]

1. d4 d5 2. c4 e6 3. Nf3 Be7 4. g3 dxc4 5. Bg2 Nf6 6. Qa4+ c6 7. Qxc4 b5 8. Qc2
Bb7 9. O-O Nbd7 10. Bg5 Rc8 11. Nc3 c5 12. Bxf6 Bxf6 13. Nxb5 Qb6 14. Qa4 O-O
15. Ne5 Nxe5 16. Bxb7 Qxb7 17. dxe5 Bxe5 18. Rac1 a6 19. Na3 Bxb2 20. Rb1 Qb4
1/2-1/2